000 00552nam a2200193Ia 4500
005 20250326141949.0
008 250326s9999 xx 000 0 und d
020 _a0-324-01583-6
037 _aTextbook
040 _aFMSL
_beng
_cFMSL
041 _aeng
_2eng
084 _aX:8F.1 P1
_qFMSL
100 _aSaudagaran S H
_9745365
245 0 _aInternational accounting: user perspective
_cSaudagaran S H
260 _aUSA
_bUSA, South-Western College
_c2001
300 _axii,228
942 _cTB
_hX:8F.1 P1
999 _c1292812
_d1292812